|
|
|
|
| LEADER |
01697cas a2200241 a 4500 |
| 001 |
AALejournalIMF009021 |
| 008 |
230101c9999 xx r poo 0 0eng d |
| 020 |
|
|
|c 5.00 USD
|
| 020 |
|
|
|z 9781451863567
|
| 022 |
|
|
|a 1018-5941
|
| 040 |
|
|
|a BD-DhAAL
|c BD-DhAAL
|
| 100 |
1 |
|
|a Isard, Peter.
|
| 245 |
1 |
0 |
|a Uncovered Interest Parity /
|c Peter Isard.
|
| 264 |
|
1 |
|a Washington, D.C. :
|b International Monetary Fund,
|c 2006.
|
| 300 |
|
|
|a 1 online resource (14 pages)
|
| 490 |
1 |
|
|a IMF Working Papers
|
| 500 |
|
|
|a <strong>Off-Campus Access:</strong> No User ID or Password Required
|
| 500 |
|
|
|a <strong>On-Campus Access:</strong> No User ID or Password Required
|
| 506 |
|
|
|a Electronic access restricted to authorized BRAC University faculty, staff and students
|
| 520 |
3 |
|
|a This paper provides an overview of the uncovered interest parity assumption. It traces the history of the interest parity concept, summarizes evidence on the empirical validity of uncovered interest parity, and discusses different interpretations of the evidence and the implications for macroeconomic analysis. The uncovered interest parity assumption has been an important building block in multiperiod models of open economies, and although its validity is strongly challenged by the empirical evidence, at least at short time horizons, its retention in macroeconomic models is supported on pragmatic grounds by the lack of much empirical support for existing models of the exchange risk premium.
|
| 538 |
|
|
|a Mode of access: Internet
|
| 830 |
|
0 |
|a IMF Working Papers; Working Paper ;
|v No. 2006/096
|
| 856 |
4 |
0 |
|z Full text available on IMF
|u http://elibrary.imf.org/view/journals/001/2006/096/001.2006.issue-096-en.xml
|z IMF e-Library
|